Statistics for friends

Click here to take the quiz!

General Stats

  • This quiz has been taken 616 times
  • The average score is 10 of 15

Answer Stats

HintAnswer% Correct
The friend who had the baby with RachelRoss
98%
Who buys the old naked guys appartmentRoss
98%
This friend has the acting skillsJoey
97%
The friend who is married to MonicaChandler
96%
The name of the cafe they hang out atcentral perk
94%
The friend who is particular about her appartmentMonica
94%
Had a baby girl with one of the other friendsRachel
92%
The name of Ross and Rachel's babyEmma
91%
Monica's occupationchef
86%
The color of the walls in monica and Rachel's appartmentpurple
75%
This friend can speak frenchPheobe
57%
how does Joey "die" in his t.v. showFalls down an elevator shaft
18%
What two animals does Joey haveChicken and a duck
4%
Pheobe's twin sisterUrsuela
2%
Joey's name in his t.v. showDoctor Dray
0%

Score Distribution

Percentile by Number Answered

Percent of People with Each Score

Your Score History

You have not taken this quiz